000
00206nam a22000857a 4500
008
170111b xxu||||| |||| 00| 0 eng d
100
_9
2340
_a
CBSE
245
_a
Natural Hazards-XI
260
_a
New Delhi
_b
CBSE
_c
2006
999
_c
5277
_d
5277